000 00473nam a2200157 i 4500
001 61567
003 ES-MaACL
005 20230906164504.0
007 t|
008 031112s1977 sp ||||1| spa d
245 0 0 _aExperiencia de Dios y compromiso temporal de los religiosos /
_cArrupe...[et al.].
260 _aMadrid :
_bInstituto Teológico de Vida Religiosa,
_c1977.
300 _a349 p. ;
_c21 cm.
700 1 _aArrupe.
_923399
852 _aES-MaACL
_jA-6907
_bR.96158
999 _c61567
_d61567